000 00590nam a2200241 a 4500
001 nice12345678
003 IN_TiNIC
005 20260116011526.0
008 050524s1934 ista grs 000 0 trg
020 _a
_c100
082 0 0 _a232.9
_bGRA
100 _aGraham, T W
245 _aIsa Hikayesi, Turkish
260 _aIstanbul
_bSelamet Matbaasi.
_c1934
300 _a202p
500 _aincludes index and biblioraphy
505 2 _aMethodist church west africa
650 _aJesus Christ-Biography
700 1 _aGraham, T W
902 _bSRS
942 _cPS
999 _c2315
_d2315